000 01551nam0a2200397 4500
001 RU\NLR\bibl\1493267
005 20260405203000.0
010 _a978-5-17-063388-3
_bАСТ
010 _a978-5-271-26009-4
_95000
_bАстрель
021 _aRU
_b2010-9197
_9604
035 _a(NLR Aleph) 001484807
090 _a1726299
_c1726299
100 _a20100401d2009 |||y0rusy50 ca
101 0 _arus
102 _aRU
105 _ay |||||||||
200 1 _a30 лунных дней
_eкулинарный справочник
_fТамара Зюрняева, Татьяна Рачук
210 _aМосква
_cАСТ
_cАстрель
_d2009 (макет 2010)
215 _a285, [2] с.
_d20
225 1 _aСерия "Тайные знания"
320 _aБиблиогр. в конце кн. (5 назв.)
606 1 _aКалендари лунные
_92161460
_3RU\NLR\auth\661300784
606 1 _aКулинария
_xРецептура
_92080572
_3RU\NLR\auth\661256513
606 1 _aПитание
_xВлияние лунных ритмов
_92277680
_3RU\NLR\auth\661364821
686 _aР123.0
686 _aЭ391.211
686 _aЛ997
700 1 _4070
_8rus
_7ca
_aЗюрняева
_bТ. Н.
_f1949-
_gТамара Николаевна
_3RU\NLR\AUTH\7752092
_935025
701 1 _4070
_8rus
_7ca
_aРачук
_bТ.
_gТатьяна
_3RU\NLR\AUTH\7790415
_973342
801 0 _aRU
_bNLR
_c20100401
_gRCR
801 1 _aRU
_bNLR
_c20100401
942 _cBOOK
980 _aNB